000 00403nam a22001572 4500
001 0000005685
005 20151217160111.0
008 070620s xx 000 0 eng d
040 _aKABU
_cKABU
050 0 _aSF75.5
_b.F37
245 1 0 _aFarm animals.
260 _a[New York] :
_bMacmillan,
_c[19?]
300 _a21 p.
908 _a070620
999 _c14253
_d14253